LEADER 02606njm a2200409 a 4500
001 000891200
003 CZ BrMZK
005 20231027071839.0
007 sd fsngnnmmned
008 080331s2006 xr ||n ? ef ger d
028 2 1 |a CR 0347-2-131  |b Radioservis 
040 |a BOA001  |b cze 
041 0 |g cze  |g ger  |g eng 
245 0 0 |a Aus der Tiefe ruf' ich  |h [zvukový záznam] 
260 |a Praha :  |b Radioservis ,  |c 2006 
300 |a 1 zvuková deska (51:25) :  |b digital ;  |c 12 cm +  |e 1 brožura (18 s.) 
306 |a 005125 
500 |a Kompaktní deska (DDD) 
500 |a Text v brožuře česky německy a anglicky 
505 0 0 |t Aus der Tiefe ruf' ich, Geistliche Harmonien /  |r Christoph Bernhard --  |t Hemmet den Eifer, verbannet die Rache : Kantaten am vierten Sonntag nach dem Fest der Heiligen Der Könige /  |r Georg Philipp Telemann --  |t Schafe können sicher weiden BWV 208, Was mir behagt, ist nur die muntre Jagd /  |r Johann Sebastian Bach --  |t Partita in D /  |r František Ignác Tůma --  |t Scande coeli limina, KV 34, Offertorium in festo Sancti Benedicti /  |r Wolfgang Amadeus Mozart --  |t Magnificat für Sopran und Orgel, op. 64 /  |r Willy Burkhard --  |t In morte dell' eccellentissimo Monteverde --  |t Pro obitu Claudio Monteverde /  |r Miloš Štědroň 
511 0 |a Helena Pellarová, soprán ; Jiřina Marešová, varhany ; Lukáš Vendl, cembalo, varhany. Harmonia Delectabilis 
518 |a Nahráno 17.8.2005, v kostele sv. Klimenta v Praze, 21.-22.10. 2005 v kostele farního sboru ČCE Praha 6, Střešovice, 20.1.2006 studio Vox 
700 1 |a Pellarová, Helena,  |d 1967-  |7 xx0098132  |4 sng 
700 1 |a Dvořáková-Marešová, Jiřina  |7 jx20040923028  |4 itr 
700 1 |a Vendl, Lukáš,  |d 1975-  |7 xx0154183  |4 itr 
700 1 2 |a Bernhard, Christoph,  |d 1628-1692.  |t Aus der Tiefe ruf' ich 
700 1 2 |a Telemann, Georg Philipp,  |d 1681-1767.  |t Hemmer den Eifer, verbannet die Rache 
700 1 2 |a Bach, Johann Sebastian,  |d 1685-1750.  |t Was mir behagt, ist nur die muntre Jagd,  |n BWV 208.  |p Schafe können sicher wieden 
700 1 2 |a Tůma, František Ignác Antonín,  |d 1704-1774.  |t Partity,  |r D dur 
700 1 2 |a Mozart, Wolfgang Amadeus,  |d 1756-1791.  |t Scande coeli limina 
700 1 2 |a Burkhard, Willy,  |d 1900-1955.  |t Magnificat,  |m soprán, varhany,  |n op. 64 
700 1 2 |a Štědroň, Miloš,  |d 1942-  |t In morte dell' eccelentissimo Monteverde 
700 1 2 |a Štědroň, Miloš,  |d 1942-  |t Pro Obitu Claudio Monteverde 
710 2 |a Harmonia Delectabis (hudební skupina) 
910 |a BOA001  |b CD-0014.399 
990 |a AV 
996 6 |b 261H015934  |c CD-0014.399  |l MZK  |r Sklad / do 24 hodin  |n 0  |w 000891200  |u 000010  |a 1  |e BOA001  |j MZK50  |s P